ARRUPE JESUIT UNIVERSITY

CORONAVIRUS -STOP THE SPREAD - CLEAN,DISINFECT,COVER

SADC-EU trade relations / (Record no. 126307)

MARC details
000 -LEADER
fixed length control field 01613cam a2200397 a 4500
001 - CONTROL NUMBER
control field 12213661
003 - CONTROL NUMBER IDENTIFIER
control field ARRUPE
005 - DATE AND TIME OF LATEST TRANSACTION
control field 20170328141127.0
008 - FIXED-LENGTH DATA ELEMENTS--GENERAL INFORMATION
fixed length control field 000828s2000 rh b 001 0 eng
010 ## - LIBRARY OF CONGRESS CONTROL NUMBER
LC control number 00378143
020 ## - INTERNATIONAL STANDARD BOOK NUMBER
International Standard Book Number 1779050984
035 ## - SYSTEM CONTROL NUMBER
System control number (DLC) 00378143
040 ## - CATALOGING SOURCE
Original cataloging agency DLC
Transcribing agency DLC
Modifying agency DLC
042 ## - AUTHENTICATION CODE
Authentication code lcode
043 ## - GEOGRAPHIC AREA CODE
Geographic area code fs-----
-- e------
050 00 - LIBRARY OF CONGRESS CALL NUMBER
Classification number HF1613.3.Z4
Item number E8517 2000
082 00 - DEWEY DECIMAL CLASSIFICATION NUMBER
Classification number 337.4068
Edition number 21
300 ## - PHYSICAL DESCRIPTION
Dimensions 21 cm.
245 00 - TITLE STATEMENT
Title SADC-EU trade relations /
Statement of responsibility, etc edited by Trudi Hartzenberg.
260 ## - PUBLICATION, DISTRIBUTION, ETC. (IMPRINT)
Place of publication, distribution, etc Mt. Pleasant, Harare :
Name of publisher, distributor, etc SARIPS of SAPES Trust, Regional Office,
Date of publication, distribution, etc c2000.
300 ## - PHYSICAL DESCRIPTION
Extent viii, 96 p. ;
440 #0 - SERIES STATEMENT/ADDED ENTRY--TITLE
Title Regional cooperation series
9 (RLIN) 26877
500 ## - GENERAL NOTE
General note "SAPES Trust"--Cover p. [4].
504 ## - BIBLIOGRAPHY, ETC. NOTE
Bibliography, etc Includes bibliographical references and index.
610 20 - SUBJECT ADDED ENTRY--CORPORATE NAME
Corporate name or jurisdiction name as entry element Southern African Development Community.
9 (RLIN) 23620
650 #0 - SUBJECT ADDED ENTRY--TOPICAL TERM
Topical term or geographic name as entry element Free trade
General subdivision Environmental aspects
Geographic subdivision Africa, Southern.
9 (RLIN) 29453
651 #0 - SUBJECT ADDED ENTRY--GEOGRAPHIC NAME
Geographic name Africa, Southern
General subdivision Foreign economic relations
Geographic subdivision European Union countries.
9 (RLIN) 29454
651 #0 - SUBJECT ADDED ENTRY--GEOGRAPHIC NAME
Geographic name European Union countries
General subdivision Foreign economic relations
Geographic subdivision Africa, Southern.
9 (RLIN) 29455
651 #0 - SUBJECT ADDED ENTRY--GEOGRAPHIC NAME
Geographic name Africa, Southern
General subdivision Commerce
Geographic subdivision European Union countries.
9 (RLIN) 29456
651 #0 - SUBJECT ADDED ENTRY--GEOGRAPHIC NAME
Geographic name European Union countries
General subdivision Commerce
Geographic subdivision Africa, Southern.
9 (RLIN) 29457
700 1# - ADDED ENTRY--PERSONAL NAME
Personal name Hartzenberg, Trudi.
9 (RLIN) 29458
Relator term ed.
710 2# - ADDED ENTRY--CORPORATE NAME
Corporate name or jurisdiction name as entry element SAPES Trust.
9 (RLIN) 23049
710 2# - ADDED ENTRY--CORPORATE NAME
Corporate name or jurisdiction name as entry element Southern Africa Regional Institute for Policy Studies.
Subordinate unit Regional Office.
9 (RLIN) 24753
906 ## - LOCAL DATA ELEMENT F, LDF (RLIN)
a 7
b cbc
c origode
d 3
e ncip
f 20
g y-gencatlg
942 ## - ADDED ENTRY ELEMENTS (KOHA)
Source of classification or shelving scheme Library of Congress Classification
Koha item type Monograph ( Printed materials)
Holdings
Withdrawn status Lost status Source of classification or shelving scheme Damaged status Not for loan Collection code Home library Current library Shelving location Date acquired Total Checkouts Full call number Barcode Date last seen Price effective from Koha item type
    Library of Congress Classification     Main Collection ARRUPE LIBRARY ARRUPE LIBRARY Main Collection 22/03/2017   HF1613.3.Z4 E8517 2000 46500025582 30/04/2018 22/03/2017 Monograph ( Printed materials)

 

Arrupe Library. PO Box MP320 Mt Pleasant, Harare, Zimbabwe
263 242 745411|librarian@aju.ac.zw